Manual del marino / (Record no. 109229)

MARC details
000 -LEADER
campo de control de longitud fija 00732nam a2200205 i 4500
001 - NÚMERO DE CONTROL
campo de control 109229
003 - IDENTIFICADOR DE NÚMERO DE CONTROL
campo de control ES-MaACL
005 - FECHA Y HORA DE LA ÚLTIMA TRANSACCIÓN
campo de control 20230906184813.0
007 - CAMPO FIJO DE DESCRIPCIÓN FÍSICA--INFORMACIÓN GENERAL
campo de control de longitud fija t|
008 - DATOS DE LONGITUD FIJA--INFORMACIÓN GENERAL
campo de control de longitud fija 061121s1946 sp r ||||1| spa d
100 1# - ENTRADA PRINCIPAL--NOMBRE DE PERSONA
Nombre de persona Müller, Johannes Marino.
9 (RLIN) 165921
245 10 - MENCIÓN DEL TÍTULO
Título Manual del marino /
Mención de responsabilidad, etc. Johann Mueller, J. Krauss, M. Berger; versión de la 3ª edición original por Santiago Hernández Izal ; prólogo de Francisco Serra Serra.
260 ## - PUBLICACIÓN, DISTRIBUCIÓN, ETC.
Lugar de publicación, distribución, etc. Barcelona :
Nombre del editor, distribuidor, etc. Gustavo Gili,
Fecha de publicación, distribución, etc. 1946.
300 ## - DESCRIPCIÓN FÍSICA
Extensión XXXI, 876 p. :
Otras características físicas il. ;
Dimensiones 22 cm.
700 1# - ENTRADA AGREGADA--NOMBRE PERSONAL
Nombre de persona Krauss, J.
9 (RLIN) 68772
700 1# - ENTRADA AGREGADA--NOMBRE PERSONAL
Nombre de persona Berger, M.
9 (RLIN) 27961
700 1# - ENTRADA AGREGADA--NOMBRE PERSONAL
Nombre de persona Hernández Izal, Santiago.
9 (RLIN) 62971
700 1# - ENTRADA AGREGADA--NOMBRE PERSONAL
Nombre de persona Serra Serra, Francisco.
9 (RLIN) 105659
852 ## - LOCALIZACIÓN
Ubicación ES-MaACL
Número de control de estantería C-3924
Sublocalización o colección R.23630
Holdings
Estatus retirado Estado de pérdida Estado de daño No para préstamo Biblioteca de origen Biblioteca actual Ubicación en estantería Fecha de adquisición Fuente de adquisición Total de préstamos Signatura topográfica completa Código de barras Visto por última vez Precio de reemplazo Tipo de ítem Koha
        Biblioteca del Ateneo de Madrid Biblioteca del Ateneo de Madrid Sala Palomar 17/01/2008     C-3924 1113974 23/02/2023 23/02/2023 Libro impreso